书目信息 |
| 题名: |
吃出免疫力
|
|
| 作者: | 安怡薰 编著 | |
| 分册: | ||
| 出版信息: | 北京 华文出版社 2009 |
|
| 页数: | 197页 | |
| 开本: | 24cm | |
| 丛书名: | ||
| 单 册: | ||
| 中图分类: | R151.4 , R459.3 | |
| 科图分类: | ||
| 主题词: | 饮食营养学--基本知识 , 饮食疗法--基本知识 , 饮食营养学 , 饮食疗法 | |
| 电子资源: | ||
| ISBN: | 978-7-5075-2935-7 | |
| 000 | 01044nam0 2200301 45 | |
| 001 | 1050905172 | |
| 005 | 20100420093200.98 | |
| 010 | @a978-7-5075-2935-7@dCNY25.00 | |
| 100 | @a20100330d2009 em y0chiy50 ea | |
| 101 | 0 | @achi |
| 102 | @aCN@b110000 | |
| 105 | @ay z 000yy | |
| 106 | @ar | |
| 200 | 1 | @a吃出免疫力@AChi Chu Mian Yi Li@e不生病的根本疗养法@EBu Sheng Bing De Gen Ben Liao Yang Fa@f安怡薰编著@FAn Yi Xun Bian Zhu |
| 210 | @a北京@c华文出版社@d2009 | |
| 215 | @a197页@d24cm | |
| 305 | @a台湾天佑智讯有限公司授权出版 | |
| 330 | @a本书以深入浅出的方式,介绍了免疫力的简单概念及一些使免疫力下降的错误饮食习惯,讲述了如何通过饮食提高自身免疫力的好方法和正确的饮食习惯。 | |
| 517 | 1 | @a不生病的根本疗养法@ABu Sheng Bing De Gen Ben Liao Yang Fa |
| 606 | 0 | @a饮食营养学@x基本知识 |
| 606 | 0 | @a饮食疗法@x基本知识 |
| 606 | 0 | @a饮食营养学 |
| 606 | 0 | @a饮食疗法 |
| 690 | @aR151.4@v4 | |
| 690 | @aR459.3@v4 | |
| 701 | 0 | @a安怡薰@AAn Yi Xun@4编著 |
| 801 | 0 | @aCN@bTANGWEI@c20100420 |
| 905 | @b0591613-17@dR151.4@e88@f5 | |
| 吃出免疫力:不生病的根本疗养法/安怡薰编著.-北京:华文出版社,2009 |
| 197页;24cm |
| ISBN 978-7-5075-2935-7:CNY25.00 |
| 本书以深入浅出的方式,介绍了免疫力的简单概念及一些使免疫力下降的错误饮食习惯,讲述了如何通过饮食提高自身免疫力的好方法和正确的饮食习惯。 |
| ● |
| 相关链接 |
|
|
|
|
正题名:吃出免疫力
索取号:R151.4/88
 
预约/预借
| 序号 | 登录号 | 条形码 | 馆藏地/架位号 | 状态 | 备注 |
| 1 | 0591613 | 205916133 | 第二样本阅览室/ [索取号:R151.4/88] | 在馆 | |
| 2 | 0591614 | 205916142 | 密集书库-生命科学系/ [索取号:R151.4/88] | 在馆 | |
| 3 | 0591615 | 205916151 | 第三借阅区/ [索取号:R151.4/88] | 在馆 | |
| 4 | 0591616 | 205916160 | 第三借阅区/ [索取号:R151.4/88] | 在馆 | |
| 5 | 0591617 | 205916179 | 第三借阅区/ [索取号:R151.4/88] | 在馆 |